Best business locations : (Registro nro. 8066)

Detalles MARC
000 -LEADER
fixed length control field 00737nam a2200205Ia 4500
003 - CONTROL NUMBER IDENTIFIER
control field OSt
005 - DATE AND TIME OF LATEST TRANSACTION
control field 20210722104604.0
008 - FIXED-LENGTH DATA ELEMENTS--GENERAL INFORMATION
fixed length control field 210310t1991 s aodbgr 000 0 eng d
040 ## - CATALOGING SOURCE
Original cataloging agency CO-JMCR
Transcribing agency CO-JMCR
041 0# - LANGUAGE CODE
Language code of text/sound track or separate title eng
082 04 - DEWEY DECIMAL CLASSIFICATION NUMBER
Classification number 332.6703 /
Item number B561b
Edition number 23
245 00 - TITLE STATEMENT
Title Best business locations :
Remainder of title the where's where of corporate investment 1991-1992 /
260 ## - PUBLICATION, DISTRIBUTION, ETC.
Place of publication, distribution, etc. Múnich:
Name of publisher, distributor, etc. Internationale Wirtschaftsublications,
Date of publication, distribution, etc. ©1991
300 ## - PHYSICAL DESCRIPTION
Extent 398 páginas :
Other physical details ilustraciones, fotografías, gráficas y mapas a color ;
Dimensions 30 cm.
504 ## - BIBLIOGRAPHY, ETC. NOTE
Bibliography, etc. note Bibliografía: páginas 387-398
505 0# - FORMATTED CONTENTS NOTE
Formatted contents note Trends and perspectives -- Country profiles
650 14 - SUBJECT ADDED ENTRY--TOPICAL TERM
Topical term or geographic name entry element Ubicación industrial
9 (RLIN) 16240
650 24 - SUBJECT ADDED ENTRY--TOPICAL TERM
Topical term or geographic name entry element Inversiones Extranjeras
9 (RLIN) 5941
942 ## - ADDED ENTRY ELEMENTS (KOHA)
Source of classification or shelving scheme Dewey Decimal Classification
Koha item type Books
Existencias
Withdrawn status Lost status Source of classification or shelving scheme Damaged status Not for loan Collection code Home library Current library Date acquired Source of acquisition Full call number Barcode Date last seen Copy number Koha item type
    Dewey Decimal Classification     Non-fiction Biblioteca Pública José María del Castillo y Rada Biblioteca Pública José María del Castillo y Rada 04/15/2018 Donación 332.6703 / B561b 430003205 05/16/2024 Ej.1 Books